| 000 | 00755nam a2200265 a 4500 | ||
|---|---|---|---|
| 001 | BRL_776 | ||
| 005 | 20190320210906.0 | ||
| 008 | 071013s1986----enka######---#000-0#eng-# | ||
| 020 | _a0852637977 | ||
| 041 | _aeng | ||
| 044 | _aenk | ||
| 050 | 4 |
_aGN658 _b.C37 1986 |
|
| 100 | 1 |
_aCarey, Margret _924905 |
|
| 245 | 1 | 0 |
_aBeads and beadwork of east and south Africa _cMargret Carey. |
| 260 |
_aGreat Britain _bShire Publications _c1986 |
||
| 300 |
_a64 p. _bil. _c21 cm. |
||
| 440 | 0 |
_aShire Ethnography _v3 _924906 |
|
| 500 | _aAu897 | ||
| 504 | _aBibliografía: p. 63 | ||
| 650 | 1 | 4 |
_aAbalorios _zÁfrica _924907 |
| 650 | 1 | 4 |
_aPrendas de vestir _zÁfrica _924908 |
| 651 | 4 |
_aÁfrica _xVida social y costumbres _924909 |
|
| 902 | _aGRL | ||
| 942 |
_2lcc _cB |
||
| 999 |
_c9588 _d9588 |
||